000
00301nam a22001337a 4500
008
180315b xxu||||| |||| 00| 0 eng d
020
_a
9780133072570
041
_a
eng
080
_2
3rd
_a
78
100
_a
45
101
_a
MUZ
245
_a
Basic conducting techniques
_c
Labuta,J.A
942
_2
udc
_c
BK
999
_c
45106
_d
45106